000 02276nam0a2200397 i 4500
001 RU\NLR\bibl\1890401
005 20260405140044.0
010 _a9785961603507
_9150
021 _aRU
_b2012-20376
_91543
035 _a(nilc)RSL-KNO-005412150
035 _a(NLR Aleph) 002067789
090 _a4723330
_c4723330
100 _a20120402d2010 k y0rusy50 ca
101 0 _arus
102 _aRU
105 _aa |||||||||
200 1 _aМоделирование, расчет и оптимизация тепломассообменных процессов в текстильной промышленности
_fВ.Е. Мизонов, В.А. Зайцев, В.Ю. Волынский, С.П. Бобков
_g[науч. ред.: д.т.н., проф. В.А. Зайцев]
_gМ-во образования и науки Рос. Федерации, Иван. гос. хим.-технол. ун-т, Иван. гос. энерг. ун-т
210 _aИваново
_cГОУ ВПО Ивановский государственный химико-технологический университет
_d2010
215 _a203 с.
_cил.
_d21
320 _aБиблиогр.: с. 200-201 (30 назв.)
606 1 _aТекстильное производство
_xТехнологические процессы
_xМатематическое моделирование
_91805238
_3RU\NLR\auth\661107248
686 _aМ30,0
_2rubbk
686 _aМ3-1с116
701 1 _aМизонов
_bВ. Е.
_gВадим Евгеньевич
_4070
701 1 _4070
_8rus
_7ca
_aЗайцев
_bВ. А.
_cд-р техн. наук
_gВиктор Александрович
_3RU\NLR\auth\7756350
_939282
701 1 _aВолынский
_bВ. Ю.
_gВладимир Юльевич
_4070
701 1 _4070
_aБобков
_bС. П.
_cд-р техн. наук
_f1950-
_gСергей Петрович
_9172094
_3RU\NLR\AUTH\770172144
702 1 _4340
_8rus
_7ca
_aЗайцев
_bВ. А.
_cд-р техн. наук
_gВиктор Александрович
_3RU\NLR\auth\7756350
_939282
801 0 _aRU
_bRuMoRKP
_c20120402
_grcr
801 1 _aRU
_bРГБ
_c20120402
801 2 _aRU
_bNLR
_c20120409
_grcr
830 _aАвт. по кн.
942 _cBOOK
980 _aNBR